[Event "Biel op"]
[Site "Biel"]
[Date "1992.??.??"]
[Round "6"]
[White "Sher, Miron N"]
[Black "Cladouras, Panagiotis"]
[Result "1-0"]
[WhiteElo "2505"]
[BlackElo "2335"]

1.g3 d5 2.Nf3 Nf6 3.Bg2 e6 4.O-O Be7 5.d3 O-O 6.Nbd2 Nc6 7.e4 dxe4 8.dxe4 e5
9.c3 a5 10.Qc2 Bg4 11.Nc4 Bxf3 12.Bxf3 Bc5 13.a4 Qe7 14.Ne3 Bxe3 15.Bxe3 Qe6
16.Kg2 Ne8 17.Bc5 Nd6 18.Rad1 Rfd8 19.b3 g6 20.Rd2 b6 21.Be3 Nb7 22.Be2 Rxd2
23.Bxd2 Nd6 24.Rd1 Rd8 25.Bc1 h5 26.h4 Ne7 27.b4 Nc6 28.b5 Nb8 29.Be3 Nd7
30.c4 Nc5 31.Bxc5 bxc5 32.Qc3 Ra8 33.Rd5 Nxe4 34.Qxe5 Qxe5 35.Rxe5 Nc3 36.Bf3 Ra7
37.Rxc5 Nxa4 38.Rc6 Nc3 39.Ra6  1-0

[Event "Biel op"]
[Site "Biel"]
[Date "1992.??.??"]
[Round "7"]
[White "Hickl, Joerg"]
[Black "Kharlov, Andrei"]
[Result "1-0"]
[WhiteElo "2540"]
[BlackElo "2555"]

1.g3 d5 2.Nf3 Bg4 3.Bg2 Nd7 4.c4 c6 5.d3 dxc4 6.dxc4 e5 7.O-O Ngf6 8.Nc3 Be7
9.h3 Be6 10.b3 h6 11.Qc2 Nh7 12.Rd1 Qc7 13.Be3 f5 14.g4 fxg4 15.Qg6+ Bf7
16.Qxg4 Nhf6 17.Qf5 O-O 18.Ne4 Rfd8 19.Nxf6+ Bxf6 20.Nh2 Be7 21.Be4 Nf6 22.Bc2 g6
23.Qf3 Kg7 24.Kh1 h5 25.Qg3 h4 26.Qg2 Rxd1+ 27.Rxd1 Nh5 28.Qg4 Nf6 29.Qg2 Rg8
30.Nf3 Nh5 31.Nxe5 Bf6 32.Ng4 Rd8 33.Rg1 Nf4 34.Qf3 Bg5 35.Bc1 Kh7 36.Bb2 Qe7
37.Ne5 Be8 38.Bc3 Kh6 39.e3 Nh5 40.Qe4 Kh7 41.Qg4 Kh6 42.Nf3 Bf6 43.Bxg6 Ng3+
44.fxg3 Bxc3 45.gxh4 Bd7 46.Qf4+  1-0

[Event "Bled op"]
[Site "Bled"]
[Date "1992.??.??"]
[Round "4"]
[White "Sulava, Nenad"]
[Black "Palac, Mladen"]
[Result "1/2-1/2"]
[WhiteElo "2405"]
[BlackElo "2500"]

1.Nf3 d5 2.g3 Bg4 3.Bg2 Nd7 4.c4 e6 5.cxd5 exd5 6.Qb3 Nc5 7.Qe3+ Be7 8.h3 Bxf3
9.Qxf3 Nf6 10.O-O O-O 11.d4 Ne6 12.Nc3 c6 13.e3 Ne8 14.Bd2 Nd6 15.Rfc1 Nc4
16.Rc2 Nxd2 17.Rxd2 Ng5 18.Qd1 f5 19.Rb1 a5  1/2-1/2

[Event "Bled op"]
[Site "Bled"]
[Date "1992.??.??"]
[Round "6"]
[White "Milocco, Franco"]
[Black "Kovacevic, Vlatko"]
[Result "1/2-1/2"]
[WhiteElo "2370"]
[BlackElo "2545"]

1.Nf3 d5 2.g3 c6 3.Bg2 Bg4 4.c4 e6 5.O-O Nd7 6.b3 Ngf6 7.Bb2 Bc5 8.d4 Be7
9.Nbd2 O-O 10.Re1 b5 11.c5 a5 12.a3 a4 13.b4 Qc7 14.Qc1 Rfd8 15.Ne5 Bf5 16.Qc3 Rac8
17.Rad1 h6 18.h3 Bh7 19.Kh2 Nf8 20.Qe3 N6d7 21.Qf3 f5 22.Nxd7 Rxd7 23.Qf4 Qxf4
24.gxf4 Ng6 25.e3 Nh4 26.Bh1 Bg6 27.Nf3 Nxf3+ 28.Bxf3 Bh4 29.Kg2 Kf7 30.Rg1 Kf6
31.Kf1 Rh8 32.Ke2 Be8 33.Rg2 g5 34.Bc3 Rg7 35.Rdg1 Rhg8 36.Bd2 Ke7 37.Kf1 Bg6
38.Be2 Kf8 39.Bc3 Bf7 40.Bd2 Ke7 41.Bf3 Kf6 42.Be2  1/2-1/2

[Event "Bled op"]
[Site "Bled"]
[Date "1992.??.??"]
[Round "6"]
[White "Sorokin, Maxim"]
[Black "Panchenko, Alexander N"]
[Result "1/2-1/2"]
[WhiteElo "2570"]
[BlackElo "2460"]

1.Nf3 d5 2.g3 Bg4 3.Bg2 c6 4.b3 Nd7 5.Bb2 Ngf6 6.O-O e6 7.c4 Be7 8.d3 O-O
9.Nbd2 a5 10.a3 Re8 11.Ra2 Bd6 12.d4 h6 13.Re1 Bf5 14.Bc3 Ne4 15.Nxe4 Bxe4
16.Nd2 Bxg2 17.Kxg2 Nf6 18.e4  1/2-1/2

[Event "Bled op"]
[Site "Bled"]
[Date "1992.??.??"]
[Round "8"]
[White "Panchenko, Alexander N"]
[Black "Sherbakov, Ruslan"]
[Result "1/2-1/2"]
[WhiteElo "2460"]
[BlackElo "2495"]

1.Nf3 d5 2.g3 Bg4 3.Bg2 Nd7 4.c4 dxc4 5.Qa4 c6 6.Qxc4 Bxf3 7.Bxf3 Ne5 8.Qb3 Nxf3+
9.Qxf3 Nf6 10.O-O Qd5 11.Qxd5 cxd5 12.d3 e6 13.Nc3 a6 14.Bf4 Nh5 15.Bd2 Nf6
16.Bf4 Nh5  1/2-1/2

[Event "Bozen op"]
[Site "Bozen"]
[Date "1992.??.??"]
[Round "2"]
[White "Barbero, Gerardo F"]
[Black "Legky, Nikolay A"]
[Result "1-0"]
[WhiteElo "2485"]
[BlackElo "2445"]

1.Nf3 d5 2.g3 Nf6 3.Bg2 e6 4.c4 Be7 5.b3 O-O 6.Bb2 c6 7.O-O Nbd7 8.d4 a5
9.Nc3 Qb6 10.Qc2 Qa6 11.Nd2 Nb6 12.c5 Nbd7 13.e4 b6 14.e5 Ne8 15.cxb6 Nxb6
16.Rfc1 Qa7 17.Na4 Nxa4 18.bxa4 f6 19.Nb3 Rb8 20.exf6 Nxf6 21.Qe2 Bb4 22.Rxc6 Bd7
23.Rcc1 Bxa4 24.Nc5 Bb5 25.Qxe6+ Kh8 26.a3 Bd2 27.Rc2 Rbe8 28.Qh3 Be1 29.Bf1 Bxf1
30.Qxf1 Qe7 31.Nd3  1-0

[Event "Bozen op"]
[Site "Bozen"]
[Date "1992.??.??"]
[Round "7"]
[White "Zelcic, Robert"]
[Black "Kennaugh, Charles"]
[Result "1-0"]
[WhiteElo "2380"]
[BlackElo "2320"]

1.Nf3 d5 2.g3 g6 3.Bg2 Bg7 4.O-O e5 5.d3 Ne7 6.e4 O-O 7.exd5 Nxd5 8.Re1 Nc6
9.Nc3 Nde7 10.a4 a5 11.Nb5 Be6 12.Bd2 Qd7 13.Bc3 Bg4 14.Qd2 Bxf3 15.Bxf3 b6
16.Bg2 Rae8 17.f4 Bh6 18.Re4 Rc8 19.Qf2 exf4 20.Rc4 Nb4 21.Re1 Nf5 22.gxf4 c6
23.Na3 Nd5 24.Bd2 Rce8 25.Rce4 Bg7 26.Nc4 Rxe4 27.Rxe4 Nd6 28.Re2 Nxc4 29.dxc4 Nb4
30.c3 Nd3 31.Qxb6 Qg4 32.Qe3 Nxf4 33.Qxf4 Qxe2 34.Bxc6 Be5 35.Qf2 Bxh2+ 36.Kg2 Qxf2+
37.Kxf2 Rd8 38.Bd5 Kg7 39.b4 Bd6 40.Kf3 f5 41.Bg5 Rd7 42.Be6 Ra7 43.c5 Be7
44.Bxe7 Rxe7 45.b5 Kf6 46.Bc4 Re8 47.b6 Ke7 48.Bb5 Rd8 49.c6 Kd6 50.c7 Rf8
51.Bc4 g5 52.Be6 Kxe6 53.b7 Kd7 54.b8=Q Rc8 55.Qb1 Kxc7 56.Qxf5  1-0

[Event "Bozen op"]
[Site "Bozen"]
[Date "1992.??.??"]
[Round "8"]
[White "Rashkovsky, Nukhim N"]
[Black "Legky, Nikolay A"]
[Result "1-0"]
[WhiteElo "2520"]
[BlackElo "2445"]

1.Nf3 d5 2.g3 c5 3.Bg2 Nc6 4.O-O Nf6 5.d3 e6 6.b3 Be7 7.Bb2 O-O 8.Nbd2 b6
9.e4 Bb7 10.Qe2 Qc7 11.Rfe1 Rad8 12.a3 Rfe8 13.h4 d4 14.c3 dxc3 15.Bxc3 Ba6
16.Nc4 b5 17.Nce5 Nxe5 18.Nxe5 Nd7 19.Ng4 f6 20.h5 h6 21.Red1 Nb8 22.Rac1 Nc6
23.b4 Nd4 24.Bxd4 Rxd4 25.bxc5 Bxc5 26.Nxf6+ gxf6 27.Qg4+ Kf8 28.Qg6 Rc8
29.Rxc5 Qxc5 30.Qxf6+ Ke8 31.Qxe6+ Kd8 32.Qf6+ Kc7 33.Qxa6 Rd6 34.Qa5+ Kb8
35.d4 Qxh5 36.Rb1 Rb6 37.e5 Qe2 38.Re1 Qc4 39.d5 b4 40.Bf1 Qc3 41.Re3 Qd4
42.axb4 Rc1 43.Qa3 Rd1 44.e6 Qc4 45.Rd3 Qxd3 46.Qxd3 Rxd3 47.e7 Rxd5 48.e8=Q+ Kc7
49.Qa8 Rb7 50.Bg2 Rd1+ 51.Kh2 Rxb4 52.Qxa7+ Kd6 53.Qa6+ Kc7  1-0

[Event "Brussels SWIFT rapid"]
[Site "Brussels"]
[Date "1992.??.??"]
[Round "?"]
[White "Lobron, Eric"]
[Black "Nikolic, Predrag"]
[Result "1-0"]
[WhiteElo "2575"]
[BlackElo "2635"]

1.Nf3 d5 2.g3 Nf6 3.Bg2 c6 4.b3 a5 5.c4 Bf5 6.Na3 e6 7.O-O Bc5 8.d3 O-O 9.Nc2 Nbd7
10.Bb2 Qe7 11.Qd2 h6 12.cxd5 exd5 13.Nfd4 Bh7 14.Ne3 Rfe8 15.Bh3 Ne5 16.Rac1 Bb4
17.Qc2 h5 18.Qb1 Neg4 19.Bxg4 hxg4 20.Qa1 Qd7 21.Ndc2 Be7 22.f3 a4 23.b4 gxf3
24.Rxf3 Bg6 25.Rcf1 Bf8 26.a3 Ng4 27.Bd4 Nh6 28.R3f2 Qh3 29.Rf4 Qd7 30.R1f2 f6
31.Qf1 Bd6 32.Rh4 Be5 33.Rxh6 gxh6 34.Rxf6 Kh7 35.Bxe5 Rxe5 36.Qf4 Rae8 37.Ng4 Rg5
38.Nxh6 Kxh6 39.h4 Qg4 40.hxg5+ Qxg5 41.Nd4 Qxf4 42.gxf4 Kg7 43.Rd6 Re7 44.Kf2 Kf7
45.f5 Bh7 46.Kf3 Ke8 47.e4 dxe4+ 48.dxe4 Rg7 49.Ne6 Rg1 50.Rd8+ Ke7 51.Rb8 Kf6
52.Rxb7 Bg8 53.Nc5 Ra1 54.Kf4 Rf1+ 55.Ke3 Re1+ 56.Kd2 Ra1 57.Nxa4 Ra2+ 58.Ke3 Rxa3+
59.Kf4  1-0

[Event "Spring op"]
[Site "Budapest"]
[Date "1992.??.??"]
[Round "?"]
[White "Gyorkos, Lajos"]
[Black "Stajcic, Nikola"]
[Result "1/2-1/2"]
[WhiteElo "2450"]
[BlackElo "2320"]

1.Nf3 d5 2.g3 c6 3.Bg2 Bg4 4.O-O Nd7 5.d3 e5 6.c4 dxc4 7.dxc4 Ngf6 8.Nc3 h6
9.Qc2 Qc7 10.Be3 a5 11.Rad1 Bc5 12.Qc1 O-O 13.h3 Bf5 14.Bxc5 Nxc5 15.Qe3 Ncd7
16.Rd2 a4 17.Rfd1 Be6 18.b3 axb3 19.axb3 Ra3 20.Nb1 Ra1 21.Ne1 Bf5 22.Nc3 Rfa8
23.g4 Bg6 24.Na4 Rxd1 25.Rxd1 Qa5 26.Nd3 Bxd3 27.Rxd3 Qe1+ 28.Kh2 e4 29.Rc3 Re8
30.Rc1 Qb4 31.Kg1 Ne5 32.Rd1 Nxc4 33.bxc4 Qxa4 34.Rb1 Qxc4 35.Rxb7 Nd5 36.Qa7 Nf4
37.Bf1 Qd5 38.Rd7 Qe6 39.Qc7 Nd5 40.Qd6 Qxd6 41.Rxd6 Rc8 42.e3 Kf8 43.Rd7 Ke8
44.Ra7 Rd8 45.Bc4 Rd7 46.Ra6 Rc7 47.Kg2 Kd7 48.Bxd5 cxd5 49.Kg3 Rc6 50.Ra8 Ke6
51.Rg8 g5 52.h4 gxh4+ 53.Kxh4 Ke7 54.Ra8 Rf6 55.Kg3 Rf3+ 56.Kg2 Kf6 57.Rg8 Ke7
58.Rh8 Rf6 59.Kg3 Ke6 60.Ra8 Ke5 61.Re8+ Re6 62.Rf8 Rf6 63.Re8+ Kd6 64.Rc8 Kd7
65.Ra8 Ke7 66.Ra7+ Ke6 67.Ra8 Ke5 68.Re8+ Re6 69.Rf8  1/2-1/2

[Event "Spring op"]
[Site "Budapest"]
[Date "1992.??.??"]
[Round "?"]
[White "Gyorkos, Lajos"]
[Black "Krizsany, Laszlo"]
[Result "1/2-1/2"]
[WhiteElo "2450"]
[BlackElo "2365"]

1.Nf3 d5 2.g3 Nf6 3.Bg2 e6 4.O-O Be7 5.c4 dxc4 6.Qa4+ c6 7.Qxc4 O-O 8.d4 b5
9.Qc2 Bb7 10.Nc3 a6 11.Bg5 Nbd7 12.Rfd1 Rc8 13.Rac1 h6 14.Bxf6 Nxf6 15.e4 Qb6
16.e5 Nd7 17.a3 c5 18.d5 exd5 19.Nxd5 Bxd5 20.Rxd5 Qe6 21.Rcd1 Nb6 22.R5d2 Rcd8
23.Rxd8 Rxd8 24.Rxd8+ Bxd8 25.Qxc5 Nc4 26.Bf1 Bb6 27.Bxc4 Bxc5 28.Bxe6 fxe6
29.Kg2 a5 30.Ne1 a4 31.Nd3 Bd4 32.Kf3 b4 33.Nxb4 Bxb2 34.Nc2 Kf7 35.Ke4 g5
36.h3 Kg6 37.g4 h5 38.f3 hxg4 39.hxg4 Kf7 40.Kd3 Bxe5 41.Ne3 Bd6 42.Nc4 Bc5
43.Nb2 Bxa3 44.Nxa4 Kf6 45.Kd4 Bc1 46.Nc5 Bb2+ 47.Kc4 Ba1 48.Nd3 Be5 49.Kc5 Ba1
50.Nf2 Ke5 51.Nd3+ Kf6 52.Kd6 Bd4 53.Nb4 Bb2 54.Kd7 Ba3 55.Nd3 Bf8 56.Nf2 Ke5
57.Nh3 Kf6 58.Kc6 Bb4 59.Nf2 Ke5 60.Nh3 Bd2 61.Kd7 Kf6 62.Nf2 Ke5 63.Nh3 Kf6
64.Ke8 Be3 65.Kd7 Ba7  1/2-1/2

[Event "Spring op"]
[Site "Budapest"]
[Date "1992.??.??"]
[Round "?"]
[White "Poley, Vladimir"]
[Black "Vaulin, Alexander"]
[Result "1/2-1/2"]
[WhiteElo "2290"]
[BlackElo "2520"]

1.Nf3 d5 2.g3 Nf6 3.Bg2 g6 4.b4 Bg7 5.Bb2 O-O 6.O-O a5 7.a3 axb4 8.axb4 Rxa1
9.Bxa1 Qd6 10.c3 e5 11.d3 Nc6 12.b5 Nd8 13.c4 d4 14.Bb2 Re8 15.Ba3 Qb6 16.Nbd2 Nd7
17.Nb3 Ne6 18.Nfd2 Ndc5 19.Ne4 Nxe4 20.Bxe4 Ng5 21.Bd5 c6 22.bxc6 bxc6 23.Bg2 Bh3
24.Bxh3 Nxh3+ 25.Kg2 Ng5 26.Bc5 Qc7 27.Qd2 h6 28.h4 Ne6 29.Ra1  1/2-1/2

[Event "Budapest IM"]
[Site "Budapest"]
[Date "1992.??.??"]
[Round "3"]
[White "Stummer, Anton"]
[Black "Fogarasi, Tibor"]
[Result "1/2-1/2"]
[WhiteElo "2310"]
[BlackElo "2455"]

1.Nf3 d5 2.g3 Nf6 3.Bg2 Bf5 4.O-O e6 5.b3 Be7 6.Bb2 O-O 7.d3 h6 8.c4 c6 9.Nbd2 Nbd7
10.Qc2 Bh7 11.a3 a5 12.Bc3 b5 13.cxb5 cxb5 14.Qb2 Qb6 15.Ne5 Nxe5 16.Bxe5 Rfc8
17.Nf3 Qb7 18.Rfc1 Rxc1+ 19.Rxc1 Rc8 20.Bd4 Rxc1+ 21.Qxc1 Nd7 22.Bh3 Bf8
23.Qc3 b4 24.axb4 axb4 25.Qa1 Nc5 26.Qb2 Nd7  1/2-1/2

[Event "Elekes mem"]
[Site "Budapest"]
[Date "1992.??.??"]
[Round "3"]
[White "Hardicsay, Peter"]
[Black "Tolnai, Tibor"]
[Result "0-1"]
[WhiteElo "2355"]
[BlackElo "2490"]

1.g3 d5 2.Nf3 c6 3.Bg2 Nf6 4.b3 Bg4 5.Bb2 Nbd7 6.d3 e6 7.Nbd2 Bd6 8.h3 Bh5
9.O-O Qe7 10.a3 O-O 11.Qe1 Rad8 12.e4 dxe4 13.dxe4 Bxf3 14.Nxf3 e5 15.Nh4 g6
16.Kh1 Nh5 17.Qe2 Ng7 18.b4 a5 19.c3 Nb6 20.Bc1 Na4 21.Qc2 b5 22.Be3 Ne6
23.Nf3 c5 24.c4 cxb4 25.cxb5 Nc3 26.axb4 axb4 27.Ra7 Rd7 28.b6 Rxa7 29.bxa7 Bc5
30.Nxe5 Bxe3 31.fxe3 Qxa7 32.Ng4 h5 33.Nf6+ Kg7 34.Nd5 Qb8 35.Nxc3 Qc7 36.Rc1 Rc8
37.Qf2 bxc3 38.Rc2 Qe5 39.Qe1 Ng5 40.h4 Nxe4 41.Kh2 Nf6 42.Bf3 Rc4 43.Kg1 Ne8
44.Kg2 Nd6  0-1

[Event "Donau Cup op"]
[Site "Budapest"]
[Date "1992.??.??"]
[Round "9"]
[White "Nemeth, Zoltan"]
[Black "Horvath, Csaba"]
[Result "0-1"]
[WhiteElo "2360"]
[BlackElo "2485"]

1.Nf3 d5 2.g3 g6 3.Bg2 Bg7 4.d4 Nf6 5.O-O O-O 6.Nbd2 a5 7.c4 c6 8.b3 Bf5
9.Bb2 Na6 10.Ne5 Nd7 11.Nd3 Bxd3 12.exd3 e6 13.Re1 Qb6 14.Nf3 a4 15.Bh3 axb3
16.axb3 Rfd8 17.Rb1 Nb4 18.Ng5 Bf6 19.Bc1 Na2 20.Bd2 Nc3 21.Bxc3 Bxg5 22.b4 Ra3
23.Rb3 Rxb3 24.Qxb3 Bf6 25.Qb2 Nb8 26.c5 Qc7 27.Bd2 Qd7 28.Bf4 Na6 29.Be5 Bg7  0-1

[Event "Budapest Nuovo"]
[Site "Budapest"]
[Date "1992.??.??"]
[Round "11"]
[White "Stummer, Anton"]
[Black "Tolnai, Tibor"]
[Result "0-1"]
[WhiteElo "2310"]
[BlackElo "2490"]

1.Nf3 d5 2.g3 c6 3.Bg2 Nf6 4.O-O Bg4 5.b3 Nbd7 6.Bb2 e6 7.d3 Bd6 8.c4 O-O
9.Nbd2 Qe7 10.a3 a5 11.Ra2 h6 12.Qa1 Rfe8 13.d4 Ne4 14.e3 f5 15.Qc1 Rf8 16.Ne5 Bxe5
17.dxe5 Nxd2 18.Qxd2 dxc4 19.bxc4 Rfd8 20.f3 Nc5 21.Bd4 Bh5 22.Rb1 Be8 23.Bf1 Rd7
24.a4 Nxa4 25.Rxa4 c5 26.Rxa5 Rxa5 27.Qxa5 cxd4 28.exd4 Rxd4 29.Qb6 Rd2 30.Qe3 Ra2
31.Rd1 Qb4 32.Rd8 Kf7 33.Be2 Qe1+  0-1

[Event "Buenos Aires"]
[Site "Buenos Aires"]
[Date "1992.??.??"]
[Round "?"]
[White "Rubinetti, Jorge A"]
[Black "Chernin, Alexander"]
[Result "0-1"]
[WhiteElo "2450"]
[BlackElo "2620"]

1.Nf3 d5 2.g3 c6 3.Bg2 Bg4 4.h3 Bh5 5.d3 e6 6.O-O Bd6 7.b3 Ne7 8.Bb2 O-O
9.c4 Nd7 10.Nbd2 a5 11.a3 b5 12.cxb5 cxb5 13.Rc1 Qb6 14.Rc2 f6 15.Qb1 e5
16.e4 d4 17.Rcc1 Bf7 18.Nh4 g6 19.Bf3 Nc5 20.Bd1 Rac8 21.Nhf3 Kg7 22.Kg2 Qb7
23.Re1 Be6 24.Bc2 Qd7 25.Rh1 Rc7 26.Rce1 Rfc8 27.Bd1 Ng8 28.Ref1 Qf7 29.Ne1 Bxb3
30.Bg4 Ba2 31.Qa1 Be6 32.f4 Qe7 33.fxe5 fxe5 34.Rf2 Bxg4 35.hxg4 Nf6 36.Qd1 Ne6
37.Rhf1 Rf8 38.a4 Bb4 39.axb5 Bxd2 40.Qxd2 Nxg4 41.Rxf8 Nxf8 42.b6 Ne3+ 43.Kg1 Rb7
44.Rf2 Qc5 45.Nf3 Rxb6 46.Ng5 h6 47.Nf7 Ne6 48.Nxh6 Kxh6 49.Rf7 Qc2  0-1

[Event "Buenos Aires"]
[Site "Buenos Aires"]
[Date "1992.??.??"]
[Round "?"]
[White "Rubinetti, Jorge A"]
[Black "Nikolic, Predrag"]
[Result "0-1"]
[WhiteElo "2450"]
[BlackElo "2635"]

1.Nf3 d5 2.g3 Nf6 3.Bg2 c6 4.O-O Bf5 5.d3 e6 6.Nbd2 Be7 7.Qe1 O-O 8.e4 dxe4
9.dxe4 Bg6 10.Ne5 Na6 11.Nxg6 hxg6 12.e5 Nd7 13.Nf3 Nac5 14.h4 a5 15.Qe2 Qb6
16.Re1 Qa6 17.Qe3 Nb6 18.Bf1 Nd5 19.Qd4 b5 20.Bg5 Qa7 21.Qg4 Rae8 22.h5 gxh5
23.Qxh5 f6 24.exf6 Bxf6 25.Bxf6 Nxf6 26.Qg6 e5 27.a4 e4 28.Ng5 e3 29.fxe3 Nce4
30.axb5 Qc5 31.Nxe4 Rxe4 32.bxc6 Rg4 33.Qd3 Rxg3+ 34.Bg2 Rxg2+ 35.Kxg2 Qg5+
36.Kh3 Qg4+ 37.Kh2 Kf7 38.Qb3+ Kg6 39.Qd3+ Ne4  0-1

[Event "Buenos Aires ITT"]
[Site "Buenos Aires"]
[Date "1992.??.??"]
[Round "1"]
[White "Darcyl, Tomas"]
[Black "Lida Garcia, Fernando"]
[Result "1-0"]
[WhiteElo "2365"]
[BlackElo "2270"]

1.Nf3 d5 2.g3 c6 3.Bg2 Nf6 4.O-O g6 5.d3 Bg7 6.Nbd2 Nbd7 7.e4 e6 8.Re1 Qb6
9.Qe2 O-O 10.e5 Ng4 11.d4 h5 12.Nb3 a5 13.a4 Qc7 14.Bg5 Re8 15.Qd2 Kh7 16.Bf4 Rh8
17.c3 Nh6 18.Rac1 Nb6 19.Nc5 Nf5 20.b3 Re8 21.h3 Nd7 22.Nd3 b6 23.g4 hxg4
24.hxg4 Ne7 25.Bg5 Ng8 26.Qf4 f6 27.Qh2+ Bh6 28.Bxh6 Nxh6 29.exf6 Qxh2+ 30.Nxh2 Nf7
31.Ne5 Nfxe5 32.dxe5 Nc5 33.Nf3 g5 34.Bf1 Ba6 35.Nxg5+ Kg6 36.f4 Bxf1 37.Rxf1 Nd3
38.Nxe6 Nxc1 39.Rxc1 Rxe6 40.f5+ Kf7 41.fxe6+ Kxe6 42.Rf1 Rg8 43.Kh2  1-0

[Event "Buenos Aires op"]
[Site "Buenos Aires"]
[Date "1992.??.??"]
[Round "4"]
[White "Biaggi, Eduardo"]
[Black "Giardelli, Sergio C"]
[Result "0-1"]
[WhiteElo "2265"]
[BlackElo "2430"]

1.g3 d5 2.Nf3 g6 3.Bg2 Bg7 4.O-O e5 5.d3 Ne7 6.e4 O-O 7.exd5 Nxd5 8.Re1 Nc6
9.Nbd2 Nb6 10.Ne4 h6 11.c3 Rb8 12.Qc2 Nd7 13.b4 f5 14.Ned2 g5 15.b5 Ne7 16.Ba3 Rf7
17.Bxe7 Rxe7 18.Nc4 Qe8 19.Rad1 Nf8 20.Qb3 Kh8 21.h3 Ng6 22.a4 Be6 23.Qb4 Bf7
24.a5 b6 25.axb6 axb6 26.Nfd2 Rd8 27.Bc6 Qf8 28.Nf1 Be6 29.Kh2 Qf7 30.Nb2 h5
31.Rd2 g4 32.h4 Qf6 33.Kg1 Rf7 34.Qa4 Bh6 35.Rde2 f4 36.Qc2 f3 37.Re4 Bf5
38.Ra4 Rg7 39.Be4 Nxh4 40.gxh4 Bxe4 41.Raxe4 Qxh4 42.Nd1 Qh3 43.Nde3 Bf4
44.d4 g3 45.Rxf4 exf4 46.fxg3 fxg3  0-1

[Event "Buenos Aires Najdorf qual"]
[Site "Buenos Aires"]
[Date "1992.??.??"]
[Round "6"]
[White "Biaggi, Eduardo"]
[Black "Juarez, Alberto"]
[Result "0-1"]
[WhiteElo "2265"]
[BlackElo "2265"]

1.Nf3 d5 2.g3 c5 3.Bg2 Nc6 4.O-O Nf6 5.d3 g6 6.Nbd2 Bg7 7.e4 O-O 8.exd5 Nxd5
9.Re1 b6 10.Nc4 Bb7 11.a4 Qc7 12.c3 Nxc3 13.bxc3 Bxc3 14.Bb2 Bxe1 15.Qxe1 Rad8
16.Qe3 f6 17.h4 e5 18.h5 Nb4 19.Ne1 Bxg2 20.Kxg2 Rf7 21.hxg6 hxg6 22.Qe4 Qb7
23.Kg1 Kg7 24.Qe2 Qd5 25.Ne3 Qe6 26.g4 Rfd7 27.Ra3 Nc6 28.f3 Rh8 29.Qg2 Nd4
30.Kf2 Kf8 31.Kg1 Rdh7 32.Ba1 Qc6 33.Ra2 Rh1+ 34.Qxh1 Rxh1+ 35.Kxh1 Nxf3
36.Nxf3 Qxf3+ 37.Ng2 Qxg4 38.a5 Qd1+ 39.Kh2 Qxd3 40.axb6 axb6 41.Ra7 Qb3
42.Nh4 Qc2+ 43.Kh3 Qd3+ 44.Kh2 g5 45.Ng2 b5  0-1

[Event "GEBA"]
[Site "Buenos Aires"]
[Date "1992.??.??"]
[Round "7"]
[White "Menendez, Daniel"]
[Black "Lida Garcia, Fernando"]
[Result "1/2-1/2"]
[WhiteElo "2255"]
[BlackElo "2270"]

1.Nf3 d5 2.g3 Nf6 3.Bg2 c6 4.O-O Bg4 5.Ne5 Bf5 6.c4 e6 7.Qb3 Qb6 8.d3 Nbd7
9.Nxd7 Nxd7 10.Be3 dxc4 11.dxc4 Bc5 12.Bxc5 Nxc5 13.Qxb6 axb6  1/2-1/2

[Event "Calcutta"]
[Site "Calcutta"]
[Date "1992.??.??"]
[Round "5"]
[White "Vaidya, Arun B"]
[Black "Neelakantan, Narayanan"]
[Result "0-1"]
[WhiteElo "2335"]
[BlackElo "2230"]

1.Nf3 d5 2.g3 Nf6 3.Bg2 c5 4.O-O Nc6 5.d3 e6 6.Nbd2 Be7 7.e4 b6 8.Re1 Bb7
9.c3 Qc7 10.a3 O-O 11.e5 Nd7 12.Qe2 Rfe8 13.Nf1 a5 14.h4 f6 15.Bh3 Ncxe5
16.Nxe5 Nxe5 17.Bxe6+ Kh8 18.d4 Bf8 19.Bf5 Ba6 20.Qh5 g6 21.Qd1 Nf3+ 22.Qxf3 Rxe1
23.Bh3 cxd4 24.Qxd5 Bb7 25.Qb5 Qc6 26.Qxc6 Bxc6 27.cxd4 Bb5 28.f3 Bxf1 29.Bxf1 Rc8  0-1

[Event "Calcutta"]
[Site "Calcutta"]
[Date "1992.??.??"]
[Round "6"]
[White "Norwood, David"]
[Black "Dreev, Alexey"]
[Result "0-1"]
[WhiteElo "2495"]
[BlackElo "2580"]

1.g3 d5 2.Nf3 c6 3.Bg2 Nf6 4.O-O Bf5 5.d3 h6 6.Nbd2 e6 7.Qe1 Be7 8.e4 Bh7
9.Qe2 Qc7 10.b3 a5 11.a4 O-O 12.Bb2 Na6 13.Kh1 Rad8 14.e5 Nd7 15.Ne1 b5 16.f4 Rb8
17.axb5 cxb5 18.g4 Bb4 19.Nb1 a4 20.f5 Rb6 21.f6 Rc8 22.c3 a3 23.Nxa3 Bxc3
24.Rc1 b4 25.d4 Qd8 26.Bxc3 bxc3 27.fxg7 Qg5 28.Nf3 Qxg7 29.Nb5 Nb4 30.Nd6 Rxd6
31.exd6 Bd3 32.Qe3 Bxf1 33.Rxf1 c2 34.Ne5 Qg5  0-1

[Event "Calcutta"]
[Site "Calcutta"]
[Date "1992.??.??"]
[Round "7"]
[White "King, Daniel J"]
[Black "Georgiev, Kiril"]
[Result "1/2-1/2"]
[WhiteElo "2505"]
[BlackElo "2605"]

1.g3 d5 2.Nf3 c6 3.Bg2 Nf6 4.O-O Bg4 5.b3 Nbd7 6.Bb2 e6 7.d4 Bd6 8.Nbd2 O-O
9.Ne5 Bh5 10.c4 Qe7 11.Ndf3 Ba3 12.Qc1 Bxb2 13.Qxb2  1/2-1/2

[Event "Cannes op"]
[Site "Cannes"]
[Date "1992.??.??"]
[Round "?"]
[White "Bricard, Emmanuel"]
[Black "Velikov, Petar"]
[Result "1-0"]
[WhiteElo "2430"]
[BlackElo "2445"]

1.Nf3 d5 2.g3 Nf6 3.Bg2 c6 4.O-O Bf5 5.d3 e6 6.Nbd2 h6 7.Qe1 Bh7 8.e4 Be7
9.Qe2 O-O 10.Kh1 Nbd7 11.e5 Ne8 12.b3 a5 13.a4 b5 14.Nd4 Qb6 15.N2f3 Nc7
16.g4 Rfc8 17.Rg1 bxa4 18.bxa4 c5 19.Ba3 Na6 20.Nb5 Nb4 21.Rac1 Qd8 22.Ne1 Bg5
23.Rd1 Nb6 24.c3 Na6 25.Bc1 Nxa4 26.Qa2 Bxc1 27.Rxc1 Nb6 28.Nd6 Rcb8 29.Qxa5 Qc7
30.Qa2 Nb4 31.Qd2 Ra2 32.Qe3 Nc6 33.f4 Nd7 34.d4 Qa7 35.Nf3 Rb3 36.f5 cxd4
37.Qf4 Nf8 38.cxd4 Nb4 39.Bf1 Rf2 40.Rg3 Na2 41.Ra1 g5 42.fxg6 Bxg6 43.Bg2 Qb8
44.Kg1 Rbb2 45.h4 Qb3 46.Kh2 Qc2 47.Rg1 Qd2 48.Qf6 Rxf3 49.Rxf3 Qxd4 50.Ne8  1-0

[Event "Cannes op"]
[Site "Cannes"]
[Date "1992.??.??"]
[Round "?"]
[White "Dunnington, Angus J"]
[Black "Marchand, Francois"]
[Result "1-0"]
[WhiteElo "2380"]
[BlackElo "2315"]

1.Nf3 d5 2.g3 c5 3.Bg2 Nc6 4.O-O Bg4 5.d3 Nf6 6.c4 e6 7.Nc3 Be7 8.Bf4 Qb6
9.Ne5 Nxe5 10.Bxe5 dxc4 11.Qa4+ Kf8 12.Qxc4 Qb4 13.a3 Qxc4 14.dxc4 Rd8 15.Bxb7 Rd2
16.Rfd1 Rxb2 17.Rab1 Rxb1 18.Rxb1 Nd7 19.Bc6 Nb6 20.f3 Bf5 21.e4 Bg6 22.Na4 f6
23.Nxb6 fxe5 24.Nd7+ Kf7 25.Nxe5+ Kf6 26.Ng4+ Kf7 27.Ne5+ Kf6 28.f4 Rc8 29.Rb7 a5
30.g4 h6 31.h4  1-0

[Event "Cannes Martinez op"]
[Site "Cannes"]
[Date "1992.??.??"]
[Round "?"]
[White "Chabanon, Jean Luc"]
[Black "Van Dongen, Patrick"]
[Result "1-0"]
[WhiteElo "2435"]
[BlackElo "2240"]

1.Nf3 d5 2.g3 Nf6 3.Bg2 c5 4.O-O Nc6 5.c4 e6 6.cxd5 Nxd5 7.b3 Qf6 8.Nc3 Nxc3
9.dxc3 Qxc3 10.Bf4 Be7 11.Rc1 Qa5 12.Bd6 O-O 13.Bxe7 Nxe7 14.Qc2 Nd5 15.Ng5 g6
16.Qxc5 Qxa2 17.Bxd5 exd5 18.Nxh7 Rd8 19.Nf6+  1-0

[Event "Cannes Martinez op"]
[Site "Cannes"]
[Date "1992.??.??"]
[Round "?"]
[White "Zawadski, Stephane"]
[Black "Legky, Nikolay A"]
[Result "0-1"]
[WhiteElo "2235"]
[BlackElo "2480"]

1.Nf3 d5 2.g3 c5 3.Bg2 Nc6 4.d4 e6 5.O-O Nf6 6.b3 cxd4 7.Nxd4 Bc5 8.Bb2 O-O
9.c4 Bxd4 10.Bxd4 dxc4 11.Bxc6 bxc6 12.bxc4 Ba6 13.Na3 Qa5 14.Qc1 e5 15.Qc3 Qxc3
16.Bxc3 Rfe8 17.Rfd1 Re7 18.Rab1 Ne4 19.Ba5 f6 20.f3 Ng5 21.Rd6 Rc8 22.Rbd1 Ne6
23.Kf2 Kf7 24.Rd7 Ke8 25.R7d6 Kf7 26.Rd7 Nd4 27.Rxe7+ Kxe7 28.e3 Ne6 29.Rd2 Rb8
30.Ke2 Rb7 31.Bc3 Nc5 32.e4 Na4 33.Kd3 Kd6 34.Nc2 Kc5 35.Bb4+ Rxb4 36.Nxb4 Kxb4
37.Kc2 Nb6 38.Rd8 Bxc4 39.Kb2 Be2 40.f4 Bf3 41.fxe5 Nc4+ 42.Kc1 Nxe5 43.Rb8+ Kc4
44.Rb7 a5 45.Rxg7 Bxe4 46.Ra7 Kc3 47.Rxa5 Nd3+ 48.Kb1 c5 49.Ra7 c4 50.Rc7 Nb4+
51.Ka1 Nc2+ 52.Kb1 Bd3 53.Kc1 Nd4 54.a4 Bc2  0-1

[Event "Cannes team g/60"]
[Site "Cannes"]
[Date "1992.??.??"]
[Round "5"]
[White "Hodgson, Julian M"]
[Black "Sosonko, Gennadi"]
[Result "1-0"]
[WhiteElo "2545"]
[BlackElo "2530"]

1.g3 d5 2.Nf3 c5 3.c4 Nf6 4.cxd5 Nxd5 5.b3 Nc6 6.Bb2 f6 7.Bg2 e5 8.O-O Be6
9.d3 Qd7 10.Re1 Be7 11.Nbd2 O-O 12.a3 Rad8 13.Rc1 Rfe8 14.Qc2 Nd4 15.Qb1 Bf8
16.Ba1 b6 17.e3 Nxf3+ 18.Nxf3 Bh3 19.Bh1 Qf7 20.Rc4 Be6 21.b4 cxb4 22.axb4 b5
23.Rh4 g5 24.Re4 Bf5 25.Nd2 Bxe4 26.Nxe4 Bxb4 27.Nxf6+ Qxf6 28.Bxd5+ Rxd5
29.Qxb4 Qf3 30.Qb3 Rf8 31.Rf1 Rf7 32.Qc2 Rfd7 33.Bxe5 Rxd3 34.Bd4 R3xd4 35.exd4 Re7
36.Qc5 Qf6 37.Qxb5 h6 38.d5 Kg7 39.Qc5 Rd7 40.Rd1 Qd6 41.Qd4+ Qf6 42.Qc5 Qd6
43.Qb5 Rc7 44.Qb2+ Qf6 45.Qa2 Qd6 46.Qa4 Rd7 47.h4 Re7 48.hxg5 hxg5 49.Qg4 Kg6
50.Qd4 Qe5 51.Qd3+ Qe4 52.Qa6+ Kf5 53.Qc8+ Kg6 54.d6 Rh7 55.Qg8+  1-0

[Event "Cappelle op"]
[Site "Cappelle la Grande"]
[Date "1992.??.??"]
[Round "2"]
[White "Beikert, Guenther"]
[Black "Hodgson, Julian M"]
[Result "1/2-1/2"]
[WhiteElo "2350"]
[BlackElo "2545"]

1.g3 d5 2.Nf3 Bg4 3.Ne5 Bf5 4.c4 f6 5.Qa4+ c6 6.Nf3 Nd7 7.cxd5 Nb6 8.Qf4 Bxb1
9.Rxb1 cxd5 10.Qb4 Qd7 11.e4 Kf7 12.Qb3 e6 13.Bd3 Ne7 14.O-O Nc6 15.Re1 Bd6
16.exd5 exd5 17.Bf1 h5 18.d3 h4 19.Nxh4 Rxh4 20.gxh4 Rh8 21.Bg2 Nd4 22.Qd1 Rxh4
23.Be3 Bxh2+ 24.Kf1 Be5 25.Rc1 Qf5 26.a4 Bd6 27.Bxd4 Rxd4 28.Qe2 Be5 29.Rc7+ Kg6
30.Rxb7 Nxa4 31.Rxa7 Nc5 32.Ra5 Nxd3 33.Rxd5 Nf4 34.Rxe5 fxe5 35.Be4 Nxe2
36.Bxf5+ Kxf5 37.Rxe2 Rb4 38.Rc2 g5 39.Ke2 g4 40.Kd3 Rb8 41.Rd2 Kf4 42.Ke2 e4
43.Rc2 Rb3 44.Kf1 Rb5 45.Ke2  1/2-1/2